[Event "Hannover Bezirks-ch U18"]
[Site "Lehrte"]
[Date "2019.10.05"]
[Round "5.1"]
[White "Brandes, Janis"]
[Black "Sauer, Joris"]
[Result "0-1"]
[WhiteElo "1550"]
[BlackElo "1766"]
[PlyCount "68"]
[EventDate "2019.10.03"]
[EventType "tourn"]
[EventRounds "7"]
[EventCountry "GER"]
[SourceTitle "EXT 2023"]
[Source "ChessBase"]
[SourceDate "2022.10.05"]
[SourceVersion "1"]
[SourceVersionDate "2022.10.05"]
[SourceQuality "1"]

1. d4 Nf6 2. Nf3 g6 3. Bg5 Bg7 4. e3 0-0 5. Bd3 c5 6. c3 Qc7 7. 0-0 c4 8. Be2 d5 9. Nbd2 b5 10. Bf4 Qb7 11. Bxb8 Rxb8 12. Ne5 a5 13. a3 h5 14. f4 Bf5 15. h3 Ne4 16. g4 hxg4 17. hxg4 Nxd2 18. Qxd2 Be4 19. Bf3 Bxe5 20. fxe5 Bd3 21. Be2 Bxe2 22. Qxe2 f6 23. Qc2 Kg7 24. exf6+ exf6 25. Rf4 Qd7 26. Qg2 Rbe8 27. g5 fxg5 28. Rxf8 Rxf8 29. Qxg5 Rf5 30. Qg2 Qe7 31. Qe2 Qg5+ 32. Kh2 Qh4+ 33. Kg2 Rg5+ 34. Kf3 Qg3# 0-1

[Event "Hannover Bezirks-ch U18"]
[Site "Lehrte"]
[Date "2019.10.04"]
[Round "4.1"]
[White "Schieble, Johannes"]
[Black "Brandes, Janis"]
[Result "1/2-1/2"]
[WhiteElo "1596"]
[BlackElo "1550"]
[PlyCount "41"]
[EventDate "2019.10.03"]
[EventType "tourn"]
[EventRounds "7"]
[EventCountry "GER"]
[SourceTitle "EXT 2023"]
[Source "ChessBase"]
[SourceDate "2022.10.05"]
[SourceVersion "1"]
[SourceVersionDate "2022.10.05"]
[SourceQuality "1"]

1. e4 e6 2. d4 d5 3. exd5 exd5 4. Bd3 Nf6 5. Ne2 Bd6 6. Bf4 0-0 7. Bxd6 Qxd6 8. 0-0 Be6 9. Nd2 Nbd7 10. c3 c6 11. Ng3 Rfe8 12. Qc2 Nf8 13. Rfe1 Bd7 14. Nf3 b6 15. Rad1 Ne6 16. Nf5 Qc7 17. Ne5 Nf4 18. Nxd7 Qxd7 19. Ng3 Nxd3 20. Qxd3 Re6 21. Re2 1/2-1/2

[Event "Hannover Bezirk-ch D"]
[Site "Hannover"]
[Date "2018.10.06"]
[Round "6.1"]
[White "Flauss, Bastian"]
[Black "Brandes, Janis"]
[Result "1-0"]
[WhiteElo "993"]
[BlackElo "1265"]
[PlyCount "79"]
[EventDate "2018.10.04"]
[EventType "swiss"]
[EventRounds "7"]
[EventCountry "GER"]
[SourceTitle "EXT 2022"]
[Source "ChessBase"]
[SourceDate "2021.10.06"]
[SourceVersion "1"]
[SourceVersionDate "2021.10.06"]
[SourceQuality "1"]

1. e4 e6 2. d4 d5 3. exd5 exd5 4. Nf3 Nf6 5. Bd3 Bd6 6. Qe2+ Qe7 7. Qxe7+ Bxe7 8. 0-0 0-0 9. Re1 Bd6 10. h3 Be6 11. Nc3 Nbd7 12. Nb5 Bb4 13. c3 Ba5 14. Bf4 c6 15. Nc7 Bxc7 16. Bxc7 Rac8 17. Bh2 Rfe8 18. Ng5 Nf8 19. Nxe6 Rxe6 20. Bf5 Rxe1+ 21. Rxe1 N8d7 22. Re7 Re8 23. Rxe8+ Nxe8 24. Bxd7 Nf6 25. Bc8 b6 26. f3 Kf8 27. Be5 Ke7 28. Bb7 Kd7 29. Bxf6 gxf6 30. Ba6 Ke6 31. Kf2 h6 32. g4 Kd6 33. Ke3 Ke6 34. Bd3 Ke7 35. h4 Ke6 36. f4 Ke7 37. g5 fxg5 38. fxg5 hxg5 39. h5 Kf6 40. h6 1-0

[Event "Lueneburg distr-ch U16/18"]
[Site "Lueneburg"]
[Date "2017.10.09"]
[Round "2"]
[White "Brandes, Janis"]
[Black "Bargsten, Justus"]
[Result "0-1"]
[WhiteElo "1136"]
[BlackElo "1907"]
[PlyCount "70"]
[EventDate "2017.10.09"]
[EventType "swiss"]
[EventRounds "7"]
[EventCountry "GER"]
[SourceTitle "EXT 2019"]
[Source "ChessBase"]
[SourceDate "2018.10.10"]
[SourceVersion "1"]
[SourceVersionDate "2018.10.10"]
[SourceQuality "1"]

1. d4 Nf6 2. Nf3 g6 3. c4 Bg7 4. Nc3 0-0 5. Bg5 d6 6. e3 Nbd7 7. Bd3 c6 8. 0-0 Qe8 9. d5 Nc5 10. Re1 Nfd7 11. Nd4 Ne5 12. Be2 a5 13. f4 Ned7 14. h4 h6 15. h5 hxg5 16. fxg5 gxh5 17. Bxh5 Ne5 18. b3 a4 19. Qc2 axb3 20. axb3 Rxa1 21. Rxa1 Bg4 22. Bxg4 Nxg4 23. Qf5 Nxe3 24. Qf4 Bxd4 25. Qxd4 Nc2 26. Qd1 Nxa1 27. Qxa1 Qa8 28. Qd1 Qa5 29. Ne2 Ra8 30. Kh2 Qa2 31. Nf4 Qf2 32. Nh3 Qh4 33. g3 Qh8 34. Qg4 Ra2+ 35. Kg1 Qa1+ 0-1

[Event "Lueneburg distr-ch U16/18"]
[Site "Muenster"]
[Date "2016.10.10"]
[Round "1.4"]
[White "Brandes, Janis"]
[Black "Gebauer, Daniel"]
[Result "1-0"]
[WhiteElo "1079"]
[BlackElo "771"]
[PlyCount "65"]
[EventDate "2016.10.10"]
[EventType "swiss"]
[EventRounds "7"]
[EventCountry "GER"]
[SourceTitle "EXT 2019"]
[Source "ChessBase"]
[SourceDate "2018.10.10"]
[SourceVersion "1"]
[SourceVersionDate "2018.10.10"]
[SourceQuality "1"]

1. d4 d5 2. c4 dxc4 3. e3 Nf6 4. Bxc4 Bf5 5. Nc3 e6 6. Nf3 Bb4 7. Bd2 Bxc3 8. Bxc3 Ne4 9. 0-0 Nxc3 10. bxc3 0-0 11. Re1 Be4 12. Rc1 Nc6 13. Be2 Qd6 14. Ng5 e5 15. Nxe4 Ne7 16. Nxd6 cxd6 17. Bd3 f5 18. e4 d5 19. exf5 e4 20. Bb5 Nxf5 21. Qg4 Nh6 22. Qe6+ Kh8 23. Qxd5 Ng4 24. Qxe4 Nxf2 25. Qh4 a6 26. Bc4 b5 27. Be2 Rae8 28. Bf1 Rxe1 29. Rxe1 h6 30. Re2 g5 31. Qxh6+ Kg8 32. Re7 Rf7 33. Re8+ 1-0

[Event "Lueneburg distr-ch U16/18"]
[Site "Muenster"]
[Date "2016.10.10"]
[Round "2.3"]
[White "Rothenberg, Jannik"]
[Black "Brandes, Janis"]
[Result "1-0"]
[WhiteElo "1506"]
[BlackElo "1079"]
[PlyCount "69"]
[EventDate "2016.10.10"]
[EventType "swiss"]
[EventRounds "7"]
[EventCountry "GER"]
[SourceTitle "EXT 2019"]
[Source "ChessBase"]
[SourceDate "2018.10.10"]
[SourceVersion "1"]
[SourceVersionDate "2018.10.10"]
[SourceQuality "1"]

1. d4 d5 2. c4 e6 3. Nc3 Nf6 4. cxd5 exd5 5. Bg5 Nbd7 6. e3 c6 7. Bd3 Be7 8. Nf3 0-0 9. 0-0 h6 10. Bh4 Re8 11. Qc2 Qc7 12. Rab1 Rb8 13. b4 b5 14. Bg3 Bd6 15. Nxb5 cxb5 16. Qxc7 Bxc7 17. Bxc7 Rb7 18. Bg3 Nf8 19. Rfc1 Bg4 20. Ne5 Rb6 21. Rc5 Be6 22. Rxb5 Rxb5 23. Bxb5 Rb8 24. Bd3 Rc8 25. b5 Rc3 26. Kf1 Ra3 27. Rb2 N8d7 28. Ke2 Nb6 29. Rc2 Kf8 30. f4 g6 31. Be1 Ra4 32. a3 Ke8 33. Bb4 h5 34. h3 Nbd7 35. Rc8# 1-0

[Event "Niedersachsen-ch op-C"]
[Site "Verden"]
[Date "2016.01.05"]
[Round "6"]
[White "Brandes, Janis"]
[Black "Schmidt, Ben"]
[Result "0-1"]
[WhiteElo "1114"]
[BlackElo "1182"]
[PlyCount "152"]
[EventDate "2016.01.03"]
[EventType "swiss"]
[EventRounds "7"]
[EventCountry "GER"]
[SourceTitle "EXT 2018"]
[Source "ChessBase"]
[SourceDate "2017.10.13"]
[SourceVersion "1"]
[SourceVersionDate "2017.10.13"]
[SourceQuality "1"]

1. d4 d5 2. c4 c6 3. cxd5 cxd5 4. Nc3 e6 5. Nf3 Nc6 6. Bf4 Nf6 7. e3 Bd6 8. Bxd6 Qxd6 9. Bd3 0-0 10. 0-0 a6 11. Rc1 Bd7 12. Nd2 Rac8 13. f3 Rfe8 14. Nb3 Nb4 15. Bb1 Rc7 16. a3 Nc6 17. e4 dxe4 18. fxe4 Qe7 19. e5 Nd5 20. Qc2 g6 21. Nxd5 exd5 22. Nc5 Nxd4 23. Qd3 Ne2+ 24. Qxe2 Rxc5 25. Rxc5 Qxc5+ 26. Kh1 Qd6 27. Re1 Qe6 28. Ba2 f6 29. Qd2 Bc6 30. h3 fxe5 31. Rd1 Rd8 32. Kh2 Kg7 33. Qg5 Qf6 34. Qg3 Qf4 35. Qxf4 exf4 36. Kg1 g5 37. Kf2 Kf6 38. Kf3 d4+ 39. Kf2 h5 40. Bb1 g4 41. h4 f3 42. g3 Ke6 43. Re1+ Kd5 44. Ba2+ Kd6 45. Re6+ Kc7 46. Rh6 Be8 47. Rh7+ Kb6 48. Rh6+ Ka7 49. Bb3 a5 50. Bd1 b6 51. a4 Rd5 52. b3 Kb7 53. Rh7+ Kc6 54. Rh8 Bd7 55. Rh6+ Kc5 56. Rg6 Bc6 57. Re6 b5 58. axb5 Bxb5 59. Re7 Kd6 60. Ra7 Bd3 61. Ra8 Re5 62. Rd8+ Kc5 63. Rc8+ Kb4 64. Rd8 Kc3 65. Rd7 Re4 66. Rc7+ Kd2 67. Bxf3 gxf3 68. Kxf3 Rg4 69. Rc5 Be2+ 70. Kg2 Bd1 71. Rxa5 Bxb3 72. Rxh5 d3 73. Kf3 Bd1+ 74. Kf2 Rxg3 75. Kxg3 Bxh5 76. Kf2 Kc2 0-1

[Event "Niedersachsen-ch op-B"]
[Site "Verden"]
[Date "2014.01.04"]
[Round "5"]
[White "Brandes, Janis"]
[Black "Wolterink, Jule"]
[Result "1-0"]
[WhiteElo "1188"]
[BlackElo "811"]
[PlyCount "81"]
[EventDate "2014.01.02"]
[EventType "swiss"]
[EventRounds "7"]
[EventCountry "GER"]
[SourceTitle "EXT 2016"]
[Source "ChessBase"]
[SourceDate "2015.10.08"]
[SourceVersion "1"]
[SourceVersionDate "2015.10.08"]
[SourceQuality "1"]

1. d4 d5 2. c4 Nf6 3. Nc3 Bf5 4. Bg5 e6 5. e3 Bb4 6. Qa4+ Nc6 7. Bxf6 gxf6 8. cxd5 exd5 9. Bb5 Qd6 10. Nge2 0-0 11. 0-0 Kh8 12. Bxc6 Bxc3 13. bxc3 bxc6 14. Ng3 Rg8 15. Nxf5 Qe6 16. Ng3 Qd6 17. Qd1 Rg7 18. Nf5 Qe6 19. Nxg7 Kxg7 20. Qf3 Kh8 21. Qh3 Rg8 22. Qxe6 fxe6 23. Rab1 Kg7 24. Rb7 Rc8 25. Rxa7 Kg6 26. a4 Kg5 27. a5 h6 28. a6 h5 29. Rb7 Ra8 30. a7 Kf5 31. Ra1 Kg6 32. Rb8 Rxb8 33. axb8Q Kf5 34. Qxc7 h4 35. Qxc6 Kg6 36. Qxe6 Kg7 37. Ra7+ Kg6 38. Qg4+ Kh6 39. Qxh4+ Kg6 40. Qh7+ Kg5 41. Rg7# 1-0

[Event "Niedersachsen-ch op-B"]
[Site "Verden"]
[Date "2014.01.03"]
[Round "3"]
[White "Brandes, Janis"]
[Black "Brinkers, Niklas"]
[Result "1/2-1/2"]
[WhiteElo "1188"]
[BlackElo "1615"]
[PlyCount "36"]
[EventDate "2014.01.02"]
[EventType "swiss"]
[EventRounds "7"]
[EventCountry "GER"]
[SourceTitle "EXT 2016"]
[Source "ChessBase"]
[SourceDate "2015.10.08"]
[SourceVersion "1"]
[SourceVersionDate "2015.10.08"]
[SourceQuality "1"]

1. d4 f5 2. Bg5 h6 3. Bh4 g5 4. Bg3 Nf6 5. e3 d6 6. Nc3 Bg7 7. Bc4 h5 8. h3 b6 9. Nf3 d5 10. Bb3 g4 11. hxg4 fxg4 12. Ne5 Bb7 13. Qd3 Rh6 14. Bf4 Ba6 15. Qf5 Bc8 16. Qd3 Ba6 17. Qf5 Bc8 18. Qd3 Ba6 1/2-1/2

[Event "Niedersachsen-ch op-C"]
[Site "Verden"]
[Date "2013.01.04"]
[Round "4"]
[White "Brandes, Janis"]
[Black "Polster, Christian"]
[Result "0-1"]
[WhiteElo "925"]
[BlackElo "1195"]
[PlyCount "142"]
[EventDate "2013.01.03"]
[EventType "swiss"]
[EventRounds "7"]
[EventCountry "GER"]
[SourceTitle "EXT 2021"]
[Source "ChessBase"]
[SourceDate "2020.10.23"]
[SourceVersion "1"]
[SourceVersionDate "2020.10.23"]
[SourceQuality "1"]

1. d4 d5 2. c4 e6 3. Nc3 Nf6 4. Bg5 Be7 5. Nf3 b6 6. e3 Bb7 7. Bd3 h6 8. Bh4 c5 9. 0-0 0-0 10. Rc1 dxc4 11. Bxc4 cxd4 12. exd4 Qc7 13. Bb3 Nc6 14. d5 Rad8 15. Bg3 Qc8 16. d6 Ne8 17. Nb5 a6 18. Nc3 Nxd6 19. Bc2 Ne4 20. Qe2 Nxg3 21. hxg3 Nd4 22. Nxd4 Rxd4 23. Rfd1 Rfd8 24. Rxd4 Rxd4 25. Nd1 Qd7 26. Qe3 Bc5 27. Qb3 Qd5 28. Ne3 Qc6 29. Qc3 Rd6 30. b4 Bxe3 31. Qxc6 Bxc6 32. fxe3 f5 33. Kf2 Kf7 34. a4 Rd7 35. Bb3 Bd5 36. Bxd5 Rxd5 37. Rc7+ Kf6 38. Rb7 Rd6 39. Kf3 Ke5 40. Rxg7 Kd5 41. g4 fxg4+ 42. Rxg4 Rc6 43. Rh4 Rc4 44. Rxh6 Rxb4 45. g4 Rxa4 46. g5 Ra1 47. g6 Rg1 48. Kf2 Rg5 49. Kf3 b5 50. Rh8 Rxg6 51. Ra8 e5 52. Rd8+ Kc4 53. Rd1 b4 54. Rc1+ Kb5 55. Ke4 Rc6 56. Rb1 Rc3 57. Rb2 a5 58. Kxe5 Rxe3+ 59. Kd4 Rc3 60. Rb1 a4 61. Ra1 Rh3 62. Rb1 b3 63. Rb2 a3 64. Rb1 b2 65. Rc1 bxc1Q 66. Kd5 Rd3+ 67. Ke4 Qc4+ 68. Ke5 Rd5+ 69. Ke6 Qc6+ 70. Ke7 Rd7+ 71. Ke8 Qc8# 0-1

[Event "Niedersachsen-ch op-C"]
[Site "Verden"]
[Date "2013.01.03"]
[Round "1"]
[White "Brandes, Janis"]
[Black "Menze, Gerold"]
[Result "0-1"]
[WhiteElo "925"]
[BlackElo "1644"]
[PlyCount "108"]
[EventDate "2013.01.03"]
[EventType "swiss"]
[EventRounds "7"]
[EventCountry "GER"]
[SourceTitle "EXT 2021"]
[Source "ChessBase"]
[SourceDate "2020.10.23"]
[SourceVersion "1"]
[SourceVersionDate "2020.10.23"]
[SourceQuality "1"]

1. d4 d5 2. c4 e5 3. Nc3 dxc4 4. e3 exd4 5. exd4 Nc6 6. Bxc4 Qxd4 7. Bb5 Bd7 8. Bxc6 Qxd1+ 9. Nxd1 Bxc6 10. Ne3 0-0-0 11. Nf3 Bxf3 12. gxf3 Nf6 13. Bd2 Bc5 14. 0-0-0 Rhe8 15. Rhg1 g6 16. Bc3 Bxe3+ 17. fxe3 Nd5 18. e4 Nf4 19. Kb1 Ne2 20. Rge1 Rxd1+ 21. Rxd1 Nxc3+ 22. bxc3 Re5 23. Rd5 Re6 24. c4 Rf6 25. Rd3 Rb6+ 26. Rb3 Rc6 27. Rc3 b5 28. c5 Kb7 29. Kb2 Re6 30. Kb3 a5 31. a4 b4 32. Rd3 Kc6 33. Kc4 Re5 34. f4 Rxc5+ 35. Kd4 Rh5 36. h3 Rh4 37. Rf3 Kb6 38. Kc4 c5 39. e5 Kc6 40. Kb3 Kd5 41. Kc2 Ke4 42. Rf1 Rxf4 43. Rxf4+ Kxf4 44. Kd3 Kxe5 45. Ke3 c4 46. Kd2 f5 47. Ke3 f4+ 48. Ke2 Ke4 49. Kd2 f3 50. Ke1 c3 51. Kd1 b3 52. Ke1 Ke3 53. h4 b2 54. h5 b1R# 0-1

[Event "Niedersachsen-ch U10"]
[Site "Rotenburg"]
[Date "2012.04.04"]
[Round "7"]
[White "Ristow, Lukas"]
[Black "Brandes, Janis"]
[Result "1-0"]
[WhiteElo "898"]
[BlackElo "842"]
[PlyCount "59"]
[EventDate "2012.03.31"]
[EventType "swiss"]
[EventRounds "11"]
[EventCountry "GER"]
[SourceTitle "EXT 2015"]
[Source "ChessBase"]
[SourceDate "2014.11.20"]
[SourceVersion "1"]
[SourceVersionDate "2014.11.20"]
[SourceQuality "1"]

1. Nf3 Nf6 2. g3 d5 3. Bg2 Nc6 4. 0-0 Bf5 5. b4 Nxb4 6. Nd4 Bg6 7. Bb2 Ne4 8. c3 Nxc3 9. Nxc3 e5 10. Qa4+ c6 11. Rac1 exd4 12. Rfe1 dxc3 13. dxc3 Bc2 14. Rxc2 Nxc2 15. Qxc2 Be7 16. Rd1 0-0 17. c4 Bf6 18. Bxf6 Qxf6 19. cxd5 cxd5 20. Bxd5 Rad8 21. Bb3 Rxd1+ 22. Qxd1 Qd8 23. Qc2 Qc8 24. Qb2 Rd8 25. Kg2 Qc6+ 26. f3 Re8 27. a3 Qb5 28. Kf2 Rxe2+ 29. Qxe2 Qxb3 30. Qe8# 1-0

[Event "Niedersachsen-ch U10"]
[Site "Rotenburg"]
[Date "2012.04.01"]
[Round "2"]
[White "Santos, Leonardo"]
[Black "Brandes, Janis"]
[Result "1-0"]
[WhiteElo "1106"]
[BlackElo "842"]
[PlyCount "90"]
[EventDate "2012.03.31"]
[EventType "swiss"]
[EventRounds "11"]
[EventCountry "GER"]
[SourceTitle "EXT 2015"]
[Source "ChessBase"]
[SourceDate "2014.11.20"]
[SourceVersion "1"]
[SourceVersionDate "2014.11.20"]
[SourceQuality "1"]

1. e4 e6 2. d4 d5 3. Nc3 c5 4. dxc5 Bxc5 5. exd5 exd5 6. Qxd5 Bb6 7. Bc4 Be6 8. Qxd8+ Bxd8 9. Bxe6 fxe6 10. Nf3 Ne7 11. 0-0 0-0 12. Re1 Rf6 13. b3 Nbc6 14. Bb2 Ba5 15. Re2 Bxc3 16. Bxc3 Rg6 17. Rae1 Nd8 18. Nd4 Nd5 19. Bd2 Nc7 20. c4 h5 21. Bf4 Rg4 22. Bxc7 Rxd4 23. g3 Rd7 24. Bxd8 Raxd8 25. Rxe6 Rd6 26. Rxd6 Rxd6 27. Re7 Rd1+ 28. Kg2 Ra1 29. Rxb7 Rxa2 30. c5 Rc2 31. b4 Rc4 32. Rxa7 Rxb4 33. c6 Rc4 34. c7 Kh7 35. Kf3 Rc3+ 36. Ke4 Kg6 37. Kd5 Kg5 38. Kd6 Kg4 39. Kd7 Kh3 40. c8Q Rxc8 41. Kxc8 g5 42. f4 gxf4 43. gxf4 Kxh2 44. Rh7 Kg3 45. Rxh5 Kxf4 1-0

[Event "Niedersachsen-ch op-B"]
[Site "Verden"]
[Date "2012.01.04"]
[Round "5"]
[White "Brandes, Janis"]
[Black "Arens, Fabian"]
[Result "0-1"]
[WhiteElo "844"]
[BlackElo "738"]
[PlyCount "68"]
[EventDate "2012.01.02"]
[EventType "swiss"]
[EventRounds "7"]
[EventCountry "GER"]
[SourceTitle "EXT 2021"]
[Source "ChessBase"]
[SourceDate "2020.10.23"]
[SourceVersion "1"]
[SourceVersionDate "2020.10.23"]
[SourceQuality "1"]

1. c4 e5 2. e4 Bc5 3. Nc3 Qf6 4. Nf3 Nh6 5. h3 Bb6 6. Nd5 Qc6 7. Nxb6 Qxb6 8. Nxe5 Ng8 9. d4 Nf6 10. f3 d6 11. Ng4 Nh5 12. e5 Ng3 13. Rg1 dxe5 14. Nxe5 Qb4+ 15. Bd2 Qxb2 16. Bf4 Qc3+ 17. Bd2 Qxd4 18. Ng4 Qxg1 19. Bf4 Qxf1+ 20. Kd2 Qxg2+ 21. Kc1 Ne2+ 22. Kb1 Nc3+ 23. Kc1 Nxd1 24. Kxd1 Qg1+ 25. Kc2 Qxa1 26. Bxc7 Qxa2+ 27. Kd3 Bf5+ 28. Kd4 Nc6+ 29. Kc3 Qa3+ 30. Kd2 Qd3+ 31. Ke1 Qc2 32. Kf1 a5 33. Bxa5 Rxa5 34. Ne3 Ra1+ 0-1

[Event "Niedersachsen-ch op"]
[Site "Verden"]
[Date "2011.01.04"]
[Round "6"]
[White "Brandes, Janis"]
[Black "Eschholz, Dario"]
[Result "0-1"]
[WhiteElo "782"]
[BlackElo "1087"]
[PlyCount "84"]
[EventDate "2011.01.02"]
[EventType "swiss"]
[EventRounds "7"]
[EventCountry "GER"]
[SourceTitle "EXT 2018"]
[Source "ChessBase"]
[SourceDate "2017.10.13"]
[SourceVersion "1"]
[SourceVersionDate "2017.10.13"]
[SourceQuality "1"]

1. e4 c5 2. Nc3 Nc6 3. Nf3 e6 4. Bc4 a6 5. 0-0 d6 6. a3 Be7 7. d3 Bd7 8. Be3 Nf6 9. Bg5 0-0 10. Bxf6 Bxf6 11. Re1 Qc7 12. Qd2 Nd4 13. Nxd4 Bxd4 14. h3 Rae8 15. Rab1 Bc6 16. Ne2 Bf6 17. c3 Rd8 18. b4 b5 19. Bb3 Rfe8 20. bxc5 dxc5 21. Qc2 Re7 22. c4 b4 23. axb4 cxb4 24. Rbd1 Red7 25. Nc1 a5 26. Re3 Be5 27. Ba4 Bxa4 28. Qxa4 Qb6 29. Nb3 Ra7 30. c5 Qc7 31. d4 h6 32. Qb5 Rb8 33. Qc4 a4 34. dxe5 axb3 35. Qxb3 Qxe5 36. Rc1 Ra1 37. Rxa1 Qxa1+ 38. Kh2 Qe5+ 39. g3 Qxc5 40. e5 Rb5 41. f4 Ra5 42. Rd3 Qf2+ 0-1